000 00301nam a2200109Ia 4500
008 171204s9999 xx 000 0 und d
245 _aCollege Algebra:
245 _cJJtheTutor
260 _c2015
650 _xG-MATH1 Modern College Algebra
856 _uhttp://down.ebook777.com/051/9781508750543.pdf
999 _c345502
_d345502